Countries by Famous Scientist - Statistics

General Stats
  • This quiz has been taken 96 times
  • The average score is 9 of 15
Answer Stats
scientist country % Correct
Galileo Galilei Italy
100%
Alfred Nobel Sweden
94%
Alan Turing United Kingdom
90%
Euclid Greece
88%
Sigmund Freud Austria
87%
Nicolaus Copernicus Poland
72%
Pierre Laplace France
70%
Georg Ohm Germany
64%
Nikola Tesla Croatia
59%
Tycho Brahe Denmark
41%
Leonhard Euler Switzerland
41%
Gregor Mendel Czechia
37%
Anders Celsius Sweden
36%
Luis Walter Alvarez United States
29%
JC Bose India
23%
No matching quizzes found
Score Distribution
Percent of People with Each Score
Percentile by Number Answered
Your Score History
You have not taken this quiz